[Event "December Tournament 5"]
[Site "SchemingMind.com"]
[Date "2018.01.27"]
[Round "-"]
[White "Goz"]
[Black "Transcendent"]
[Result "1-0"]
[WhiteCountry "ENG"]
[BlackCountry "ENG"]
[WhiteElo "1510"]
[WhiteRD "71"]
[BlackElo "1567"]
[BlackRD "72"]
[GameID "423766"]

1. d4 d5 2. e3 Nf6 3. h3 c5 4. c3 Nc6 5. Bb5 Bf5 6. Bxc6+ bxc6 7. Nf3 e6 8. Ne5 Qc7 9. O-O Nd7 10. f4 f6
11. Nd3 cxd4 12. cxd4 Be7 13. b4 Bxd3 14. Qxd3 Bxb4 15. a3 Be7 16. Nd2 O-O 17. Nb3 Rab8 18. Bd2 Nb6 19. Ba5 Qb7 20. Rfb1 Qd7
21. Bb4
1-0

[Event "December Tournament 5"]
[Site "SchemingMind.com"]
[Date "2018.01.28"]
[Round "-"]
[White "Transcendent"]
[Black "Goz"]
[Result "0-1"]
[WhiteCountry "ENG"]
[BlackCountry "ENG"]
[WhiteElo "1325"]
[WhiteRD "58"]
[BlackElo "1580"]
[BlackRD "68"]
[GameID "423767"]

1. d4 d5 2. c4 c6 3. Nf3 dxc4 4. a4 Nf6 5. Nc3 e6 6. e4 Bb4 7. Qc2 Bxc3+ 8. bxc3 b5 9. axb5 cxb5 10. Bg5 Nbd7
11. e5 O-O 12. exf6 Nxf6 13. Be2 h6 14. Bh4 Kh8 15. O-O g5 16. Bg3 Bb7 17. Be5 Kg8 18. Rfd1 Nh7 19. h3 f5 20. Rdb1 Qd7
21. Ra5 a6 22. Rd1 Bd5 23. g4 Rf7
0-1

[Event "December Tournament 5"]
[Site "SchemingMind.com"]
[Date "2018.01.28"]
[Round "-"]
[White "Goz"]
[Black "TheHornedReaper "]
[Result "1-0"]
[WhiteCountry "ENG"]
[BlackCountry "ROU"]
[WhiteElo "1580"]
[WhiteRD "68"]
[BlackElo "1246"]
[BlackRD "49"]
[GameID "423768"]

1. d4 d5 2. e3 c5 3. c3 e6 4. b3 Nc6 5. Bb5 Bd7 6. Bxc6 Bxc6 7. Nf3 Nf6 8. Nbd2 Be7 9. O-O O-O 10. dxc5 Bxc5
11. b4 Bb6 12. a4
1-0

[Event "December Tournament 5"]
[Site "SchemingMind.com"]
[Date "2018.01.28"]
[Round "-"]
[White "TheHornedReaper "]
[Black "Goz"]
[Result "0-1"]
[WhiteCountry "ROU"]
[BlackCountry "ENG"]
[WhiteElo "1246"]
[WhiteRD "49"]
[BlackElo "1580"]
[BlackRD "68"]
[GameID "423769"]

1. e4 e5 2. Nf3 d6 3. d4 f6 4. dxe5 fxe5 5. Nxe5 dxe5 6. Qh5+ g6 7. Qxe5+ Qe7 8. Qxh8 Qxe4+ 9. Be3 Qxc2 10. Na3 Qf5
11. Qxg8 Be6
0-1

[Event "December Tournament 5"]
[Site "SchemingMind.com"]
[Date "2018.01.27"]
[Round "-"]
[White "Phillip Beckett"]
[Black "Goz"]
[Result "1-0"]
[WhiteCountry "ENG"]
[BlackCountry "ENG"]
[WhiteElo "1605"]
[WhiteRD "56"]
[BlackElo "1510"]
[BlackRD "71"]
[GameID "424046"]

1. d4 d5 2. c4 dxc4 3. e4 e5 4. d5 Nf6 5. Nc3 Bb4 6. Qa4+ Nc6 7. dxc6 Bxc3+ 8. bxc3 Rb8 9. cxb7+ Bd7 10. Qxa7 Bc6
11. Bxc4 Rxb7 12. Qa6 Bxe4 13. Bb5+ Nd7 14. Bxd7+ Qxd7 15. Qa8+ Qd8 16. Qxd8+ Kxd8 17. Bg5+ f6 18. f3 Bc2 19. Bd2 Rb2 20. Ne2 Bd3
21. Nc1 Ba6 22. Nb3 Ke7 23. Kd1 Rd8 24. Kc1 Rbxd2 25. Nxd2 Rd3 26. Kc2 c5 27. Ne4 Rd5 28. Rhd1 Rxd1 29. Rxd1 c4 30. Nc5 Bb5
31. a4 Be8 32. a5 f5 33. a6 Bc6 34. a7 g5 35. Rd7+ Bxd7 36. Nxd7 Kxd7 37. a8=Q Kd6 38. Qd8+ Ke6 39. Qg8+ Kf6 40. Qxh7 Ke6
41. Qg8+ Kf6 42. Qxc4
1-0

[Event "December Tournament 5"]
[Site "SchemingMind.com"]
[Date "2018.01.27"]
[Round "-"]
[White "Goz"]
[Black "Phillip Beckett"]
[Result "1-0"]
[WhiteCountry "ENG"]
[BlackCountry "ENG"]
[WhiteElo "1510"]
[WhiteRD "71"]
[BlackElo "1605"]
[BlackRD "56"]
[GameID "424047"]

1. d4 d5 2. e3 e6 3. a3 c5 4. c3 Nc6 5. Bb5 a6 6. Bxc6+ bxc6 7. Ne2 Bd6 8. O-O Qb6 9. b4 cxb4 10. axb4 Nf6
11. Nd2 O-O 12. Nb3 Bd7 13. Nc5 Bxc5 14. bxc5 Qc7 15. Qa4 Ne4 16. f4 Rfb8 17. Rd1 Qb7 18. Ba3 Qb5 19. Qc2 Qa5 20. Bb4 Qc7
21. Ba5 Qc8 22. Bb6 f5 23. Ra5 Be8 24. Ng3 Nxg3 25. hxg3 Bh5 26. Rda1 Qb7 27. Kf2 Be8 28. Rh1 Bd7 29. Qd1 Bc8 30. g4 fxg4
31. Qxg4 Qf7 32. Qh4 g6 33. Qg5 Bb7 34. Rh6 Qg7 35. Ra1 Rf8 36. Rah1 Rf5 37. Qg3 Rh5 38. R1xh5 gxh5 39. Qxg7+ Kxg7 40. Rxe6 a5
41. Re7+ Kf6 42. Rxb7 a4 43. Bc7 a3 44. Be5+ Kf5 45. Rb1 a2 46. Ra1 Ke4 47. Ke2 Ra3 48. Kd2 Ra7 49. Bf6 Ra6 50. Bh4 Ra3
51. Kc2 Kxe3 52. f5 Ra7 53. f6 Ke4 54. Kb2 Kf5 55. f7 Rxf7 56. Rxa2 Kg4 57. g3 Rf2+ 58. Kb3 Rxa2 59. Kxa2 Kf3 60. Kb3 Ke4
61. Kc2 Ke3 62. Bg5+ Kf3 63. Bh4 Ke4 64. Kd2 Kf3 65. Kd3 Kg4 66. c4 dxc4+ 67. Kxc4
1-0

[Event "December Tournament 5"]
[Site "SchemingMind.com"]
[Date "2018.01.27"]
[Round "-"]
[White "Phillip Beckett"]
[Black "Transcendent"]
[Result "1-0"]
[WhiteCountry "ENG"]
[BlackCountry "ENG"]
[WhiteElo "1605"]
[WhiteRD "56"]
[BlackElo "1567"]
[BlackRD "72"]
[GameID "424048"]

1. d4 Nf6 2. c4 e6 3. Nc3 Bb4 4. a3 Bxc3+ 5. bxc3 Nc6 6. Bg5 h6 7. Bh4 O-O 8. f3 d6 9. e4 g5 10. Bf2 Bd7
11. Qd2 Ne7 12. h4 Nh7 13. hxg5
1-0

[Event "December Tournament 5"]
[Site "SchemingMind.com"]
[Date "2018.01.27"]
[Round "-"]
[White "Transcendent"]
[Black "Phillip Beckett"]
[Result "0-1"]
[WhiteCountry "ENG"]
[BlackCountry "ENG"]
[WhiteElo "1325"]
[WhiteRD "58"]
[BlackElo "1643"]
[BlackRD "55"]
[GameID "424049"]

1. e4 e5 2. Nf3 Nc6 3. Bb5 a6 4. Ba4 Nf6 5. O-O Be7 6. Re1 b5 7. Bb3 O-O 8. c3 d5 9. exd5 Nxd5 10. Nxe5 Nxe5
11. Rxe5 Nf6 12. d4 Bd6 13. Re1 Ng4 14. h3 Qh4 15. hxg4 Bxg4 16. f3 Qh2+ 17. Kf1 Qh1+ 18. Ke2 Qxg2+ 19. Ke3 Rae8+ 20. Kd3 Rxe1
21. Qxe1 Qxf3+ 22. Be3 Bf5+ 23. Kd2 Bf4 24. Bxf4 Qxf4+ 25. Qe3 Qh2+ 26. Qe2 Qf4+ 27. Qe3 Qh2+ 28. Qe2 Qf4+ 29. Qe3 Qh2+
0-1

[Event "December Tournament 5"]
[Site "SchemingMind.com"]
[Date "2018.02.01"]
[Round "-"]
[White "Phillip Beckett"]
[Black "TheHornedReaper "]
[Result "1-0"]
[WhiteCountry "ENG"]
[BlackCountry "ROU"]
[WhiteElo "1643"]
[WhiteRD "55"]
[BlackElo "1246"]
[BlackRD "49"]
[GameID "424050"]

1. d4 d5 2. c4 e6 3. Nc3 Nf6 4. Bg5 Be7 5. Nf3 O-O 6. e3 dxc4 7. Bxc4 h6 8. Bh4 a6 9. O-O b5 10. Bd3 Bb7
11. Bxf6 Bxf6 12. Be4 Bxe4 13. Nxe4 Nd7 14. Nxf6+ Qxf6 15. Rc1
1-0

[Event "December Tournament 5"]
[Site "SchemingMind.com"]
[Date "2018.02.01"]
[Round "-"]
[White "TheHornedReaper "]
[Black "Phillip Beckett"]
[Result "0-1"]
[WhiteCountry "ROU"]
[BlackCountry "ENG"]
[WhiteElo "1246"]
[WhiteRD "49"]
[BlackElo "1643"]
[BlackRD "55"]
[GameID "424051"]

1. e4 e5 2. Nf3 Nc6 3. Bb5 a6 4. Ba4 Nf6 5. O-O Be7 6. Re1 b5 7. Bb3 O-O 8. c3 d5 9. d3 dxe4 10. dxe4 Qxd1
11. Bxd1 Rd8 12. Nbd2 Bg4 13. h3 Bxf3
0-1

[Event "December Tournament 5"]
[Site "SchemingMind.com"]
[Date "2018.01.29"]
[Round "-"]
[White "Phillip Beckett"]
[Black "Johnny Owens"]
[Result "0-1"]
[WhiteCountry "ENG"]
[BlackCountry "USA"]
[WhiteElo "1643"]
[WhiteRD "55"]
[BlackElo "1966"]
[BlackRD "75"]
[GameID "424107"]

1. d4 e6 2. c4 Nf6 3. Nc3 Bb4 4. Nf3 b6 5. e3 Bb7 6. Be2 O-O 7. Qc2 Ne4 8. a3 Bxc3+ 9. bxc3 f5 10. O-O Nc6
11. Nd2 Nxd2 12. Qxd2 Na5 13. f3 Nb3 14. Qc2 Nxa1 15. Qa2 Rc8 16. Qxa1 Ba6 17. e4 fxe4 18. fxe4 Rxf1+ 19. Kxf1 Qh4 20. Kg1 Qe1+
21. Bf1 Rf8 22. Bb2 Rxf1#
0-1

[Event "December Tournament 5"]
[Site "SchemingMind.com"]
[Date "2018.01.29"]
[Round "-"]
[White "Johnny Owens"]
[Black "Phillip Beckett"]
[Result "1-0"]
[WhiteCountry "USA"]
[BlackCountry "ENG"]
[WhiteElo "1966"]
[WhiteRD "75"]
[BlackElo "1643"]
[BlackRD "55"]
[GameID "424108"]

1. Nf3 Nf6 2. b3 g6 3. Bb2 Bg7 4. g3 O-O 5. Bg2 d6 6. d4 c6 7. O-O Nbd7 8. Re1 d5 9. Nbd2 Ng4 10. e4 dxe4
11. Nxe4 f5 12. Neg5 Ndf6 13. Qe2 Re8 14. h3 Nh6 15. Rad1 Nd5 16. c4 Nb4 17. a3 Na6 18. d5 cxd5 19. Ne6 Bxe6 20. Qxe6+ Nf7
21. Ng5 Rf8 22. Nxf7 Rxf7 23. Bxd5 Qf8 24. Qxf7+ Qxf7 25. Rxe7 Qxd5 26. Rxg7+ Kf8 27. Rxd5
1-0

[Event "December Tournament 5"]
[Site "SchemingMind.com"]
[Date "2018.01.29"]
[Round "-"]
[White "Goz"]
[Black "Johnny Owens"]
[Result "0-1"]
[WhiteCountry "ENG"]
[BlackCountry "USA"]
[WhiteElo "1601"]
[WhiteRD "72"]
[BlackElo "2016"]
[BlackRD "74"]
[GameID "424109"]

1. d4 e6 2. e4 d5 3. e5 c5 4. c3 Nc6 5. Bb5 Bd7 6. Bxc6 Bxc6 7. Nf3 cxd4 8. cxd4 Bb5 9. a3 Ne7 10. Nc3 Bc4
11. Ne2 Qb6 12. O-O Rc8 13. Re1 Bb3 14. Qd3 Bc2 15. Qe3 Nf5 16. Qf4 h6 17. Nc3 Be7 18. Qd2 Bb3 19. a4 a5 20. Nb5 Bb4
21. Nc3 Rc4 22. g4 Nxd4 23. Qe3 Nxf3+ 24. Kf1 Nxh2+ 25. Kg2 Rxg4+ 26. Kh3 d4 27. Qd3 Qd8 28. Kxh2 Qh4+ 29. Qh3 Qxf2+
0-1

[Event "December Tournament 5"]
[Site "SchemingMind.com"]
[Date "2018.01.29"]
[Round "-"]
[White "Johnny Owens"]
[Black "Goz"]
[Result "1-0"]
[WhiteCountry "USA"]
[BlackCountry "ENG"]
[WhiteElo "1966"]
[WhiteRD "75"]
[BlackElo "1580"]
[BlackRD "68"]
[GameID "424110"]

1. Nf3 d5 2. b3 e6 3. Bb2 f6 4. c4 c6 5. d4 Bd6 6. e3 Nd7 7. Bd3 Nh6 8. O-O O-O 9. Nc3 e5 10. cxd5 cxd5
11. Nxd5 a6 12. Qc2 f5 13. dxe5 Nxe5 14. Bxe5 Ng4 15. Bxd6 Qxd6 16. h3 Nh6 17. Rfd1 Be6 18. Nf4 Qe7 19. Nxe6 Rf6 20. Nc7 Raf8
21. Nd5 Qe8 22. Nxf6+ Rxf6 23. Qc7 b5 24. Bxb5 Qxb5 25. Rd8+ Rf8 26. Ng5
1-0

[Event "December Tournament 5"]
[Site "SchemingMind.com"]
[Date "2018.01.29"]
[Round "-"]
[White "Phillip Beckett"]
[Black "ray winteringham"]
[Result "0-1"]
[WhiteCountry "ENG"]
[BlackCountry "ENG"]
[WhiteElo "1550"]
[WhiteRD "52"]
[BlackElo "1501"]
[BlackRD "52"]
[GameID "424116"]

1. d4 d5 2. c4 e6 3. Nc3 Nf6 4. Bg5 Be7 5. Nf3 c6 6. e3 O-O 7. Bd3 g6 8. O-O a6 9. Bh6 Re8 10. Ne5 Bf8
11. cxd5 Bxh6 12. dxc6 Nxc6 13. Nxc6 bxc6 14. Qc2 Bb7 15. Ne4 Bg7 16. Nxf6+ Bxf6 17. f4 Rc8 18. g4 Qd5 19. g5 Bg7 20. Be4 Qd6
21. h4 Re7 22. h5 c5 23. hxg6 cxd4 24. gxh7+ Kh8 25. Qg2 Bxe4 26. Qxe4 dxe3 27. Rad1 Qb6 28. Rfe1 e2+ 29. Kg2 exd1=Q 30. Rxd1 Qxb2+
31. Kg1 Qxa2 32. Qb4 Rec7
0-1

[Event "December Tournament 5"]
[Site "SchemingMind.com"]
[Date "2018.01.29"]
[Round "-"]
[White "ray winteringham"]
[Black "Phillip Beckett"]
[Result "1/2-1/2"]
[WhiteCountry "ENG"]
[BlackCountry "ENG"]
[WhiteElo "1501"]
[WhiteRD "52"]
[BlackElo "1550"]
[BlackRD "52"]
[GameID "424117"]

1. e4 e5 2. d4 exd4 3. Qxd4 Nc6 4. Qd1 d6 5. Bd3 Nf6 6. Bg5 Be7 7. Nd2 h6 8. Bxf6 Bxf6 9. Rb1 O-O 10. Ne2 Ne5
11. O-O Nxd3 12. cxd3 Bg4 13. f3 Bd7 14. b3 c6 15. Nc4 Qc7 16. g3 Be6 17. Nd2 d5 18. f4 Bh3 19. Rf2 dxe4 20. dxe4 Qb6
21. e5 Be7 22. Ne4 Bc5 23. Nxc5 Qxc5 24. Qd4 Qxd4 25. Nxd4 Rfd8 26. Nf3 Rd3 27. Re1 Rad8 28. Kh1 Bg4 29. Kg2 Bxf3+ 30. Rxf3 Rxf3
31. Kxf3 Rd2 32. Re2 Rd3+ 33. Re3 Rd2 34. Re2 Rd3+ 35. Re3 Rd2 36. Re2 Rd3+ 37. Re3 Rd2
1/2-1/2

[Event "December Tournament 5"]
[Site "SchemingMind.com"]
[Date "2018.01.30"]
[Round "-"]
[White "Goz"]
[Black "ray winteringham"]
[Result "1-0"]
[WhiteCountry "ENG"]
[BlackCountry "ENG"]
[WhiteElo "1510"]
[WhiteRD "71"]
[BlackElo "1528"]
[BlackRD "52"]
[GameID "424118"]

1. d4 d5 2. e3 Nc6 3. Bd3 e5 4. Ne2 a6 5. O-O e4 6. c3 exd3 7. Qxd3 g6 8. e4 Be6 9. e5 Bg7 10. b4 b5
11. Nd2 Nge7 12. a4 bxa4 13. Rxa4 Bd7 14. Ra3 O-O 15. Bb2 Be6 16. Rfa1 Qb8 17. Rxa6 Bd7 18. Rxa8 Qxa8 19. Rxa8 f5 20. Ra1 Rc8
21. Nb3 Be6 22. Nc5 Nd8 23. Nf4 Bf7 24. b5 Be8 25. e6 Rb8 26. Ra6 Bxb5 27. Qe3 Bxa6 28. Qd2 Bh6 29. Nxa6 Bxf4 30. Qxf4 Rxb2
31. g3 Nxe6 32. Qe5 Kf7 33. Nxc7 Rb6 34. Nxd5 Nxd5 35. Qxd5 Kf6 36. Qe5+ Kf7 37. d5 Ng5 38. Kg2 Rb1 39. d6 Ne6 40. Qa5 Rd1
41. Qa7+ Kf6 42. Qe7+ Ke5 43. f4+ Kd5 44. c4+ Kc6 45. Qxe6
1-0

[Event "December Tournament 5"]
[Site "SchemingMind.com"]
[Date "2018.01.29"]
[Round "-"]
[White "ray winteringham"]
[Black "Goz"]
[Result "1/2-1/2"]
[WhiteCountry "ENG"]
[BlackCountry "ENG"]
[WhiteElo "1569"]
[WhiteRD "50"]
[BlackElo "1580"]
[BlackRD "68"]
[GameID "424119"]

1. e4 c5 2. Bc4 e6 3. d3 a6 4. a4 Be7 5. Ne2 d5 6. exd5 exd5 7. Ba2 b5 8. Nbc3 b4 9. Nxd5 Nf6 10. Ne3 O-O
11. h3 Bd7 12. Bd2 a5 13. O-O Bc6 14. c3 Qxd3 15. Rc1 Bxa4 16. Qe1 Ne4 17. b3 Nxd2 18. bxa4 Nxf1 19. Qxf1 Nc6 20. Bb1 Qa6
21. Nd5 Qb7 22. cxb4 axb4 23. Bc2 Na5 24. Qd1 Nc4 25. Qd3 g6 26. Qxc4 Bd6 27. Be4 Qa6 28. Nf6+ Kg7 29. Bxa8 Qxc4 30. Rxc4 Rxa8
31. Ne4 Be7 32. Nxc5 Bxc5 33. Rxc5 Rxa4 34. Rc4 Ra1+ 35. Rc1 Ra2 36. Nd4 Rb2 37. Kf1 Rd2 38. Nf3 Rd3 39. Rb1 b3 40. Ke2 Rc3
41. Nd4 b2 42. Rxb2 Rc7 43. g4 Re7+ 44. Kf3 Kh6 45. h4 Re5 46. Kf4 Rd5 47. Ke4 Rd6 48. h5 Kg5 49. f3 Rf6 50. Rb5+ Kh4
51. hxg6 hxg6 52. g5 Ra6 53. f4 Kg4 54. Rb7 f6 55. Rg7 fxg5 56. fxg5 Kxg5 57. Nf3+ Kh6 58. Rd7 Re6+ 59. Kf4 Rf6+ 60. Kg4 Rf5
61. Rd1 Rh5 62. Re1 Kg7 63. Re6 Rf5 64. Rb6 Kh6 65. Nh4 Rg5+ 66. Kf4 Kh5 67. Nf3 Rf5+ 68. Kg3=
1/2-1/2

[Event "December Tournament 5"]
[Site "SchemingMind.com"]
[Date "2018.01.29"]
[Round "-"]
[White "Transcendent"]
[Black "ray winteringham"]
[Result "0-1"]
[WhiteCountry "ENG"]
[BlackCountry "ENG"]
[WhiteElo "1567"]
[WhiteRD "72"]
[BlackElo "1528"]
[BlackRD "52"]
[GameID "424120"]

1. d4 d5 2. c4 e6 3. Nf3 Nf6 4. g3 Bd7 5. Bg2 c6 6. O-O Be7 7. b3 O-O 8. Bb2 c5 9. Nbd2 Nc6 10. e3 h6
11. Rc1 b6 12. cxd5 Nxd5 13. e4 Nf6 14. d5 Nb4 15. a3 Nd3 16. Rc2 Bb5 17. Nc4 Nxb2
0-1

[Event "December Tournament 5"]
[Site "SchemingMind.com"]
[Date "2018.01.29"]
[Round "-"]
[White "ray winteringham"]
[Black "Transcendent"]
[Result "1-0"]
[WhiteCountry "ENG"]
[BlackCountry "ENG"]
[WhiteElo "1528"]
[WhiteRD "52"]
[BlackElo "1567"]
[BlackRD "72"]
[GameID "424121"]

1. d4 Nf6 2. Bg5 Ne4 3. Bd2 d5 4. f3 Nf6 5. e3 Bf5 6. Bd3 Bxd3 7. cxd3 e6 8. Ne2 Be7 9. O-O O-O 10. e4 c5
11. e5 Nfd7 12. dxc5 Bxc5+ 13. d4 Bb6 14. Bc3
1-0

[Event "December Tournament 5"]
[Site "SchemingMind.com"]
[Date "2018.01.29"]
[Round "-"]
[White "ray winteringham"]
[Black "Johnny Owens"]
[Result "0-1"]
[WhiteCountry "ENG"]
[BlackCountry "USA"]
[WhiteElo "1569"]
[WhiteRD "50"]
[BlackElo "1966"]
[BlackRD "75"]
[GameID "424122"]

1. d4 e6 2. e4 d5 3. Nc3 dxe4 4. Nxe4 Nd7 5. c3 Ngf6 6. Bd3 Nxe4 7. Bxe4 Nf6 8. Bf3 Bd6 9. Qb3 O-O 10. Qc2 c5
11. Be3 cxd4 12. Bxd4 e5 13. Be3 Qe7 14. Ne2 e4 15. Bxe4 Nxe4 16. O-O-O Bf5 17. Qb3 Rfd8 18. Nd4 Bg6 19. a3 Nxf2 20. Bxf2 Bf4+
21. Rd2 Qe4
0-1

[Event "December Tournament 5"]
[Site "SchemingMind.com"]
[Date "2018.01.29"]
[Round "-"]
[White "Johnny Owens"]
[Black "ray winteringham"]
[Result "0-1"]
[WhiteCountry "USA"]
[BlackCountry "ENG"]
[WhiteElo "1858"]
[WhiteRD "82"]
[BlackElo "1528"]
[BlackRD "52"]
[GameID "424123"]

1. Nf3 d5 2. b3 Nc6 3. Bb2 f6 4. d4 Bg4 5. e3 e6 6. Be2 Bd6 7. h3 Bxf3 8. Bxf3 Nge7 9. c4 dxc4 10. bxc4 Bb4+
11. Nc3 Na5
0-1

[Event "December Tournament 5"]
[Site "SchemingMind.com"]
[Date "2018.02.03"]
[Round "-"]
[White "ray winteringham"]
[Black "TheHornedReaper "]
[Result "1-0"]
[WhiteCountry "ENG"]
[BlackCountry "ROU"]
[WhiteElo "1569"]
[WhiteRD "50"]
[BlackElo "1246"]
[BlackRD "49"]
[GameID "424124"]

1. e4 e6 2. d4 d5 3. e5 c5 4. c3 Qb6 5. Nf3 Nc6 6. b3 cxd4 7. cxd4 Nge7 8. Be2 Nf5 9. Be3 Nxe3 10. fxe3 Bb4+
11. Nbd2 Bd7 12. O-O O-O 13. h3 Ne7 14. a3 Bxd2 15. Nxd2 f5 16. exf6
1-0

[Event "December Tournament 5"]
[Site "SchemingMind.com"]
[Date "2018.02.03"]
[Round "-"]
[White "TheHornedReaper "]
[Black "ray winteringham"]
[Result "0-1"]
[WhiteCountry "ROU"]
[BlackCountry "ENG"]
[WhiteElo "1246"]
[WhiteRD "49"]
[BlackElo "1569"]
[BlackRD "50"]
[GameID "424125"]

1. e4 d5 2. exd5 Qxd5 3. Nc3 Qd8 4. d4 g6 5. Nf3 Bg7 6. Bc4 e6 7. Be3 a6 8. a4 Bd7 9. O-O Ne7 10. Qe2 O-O
11. Rad1 Qe8 12. Rfe1 Bxa4 13. b3 Bd7 14. Qd2 Nbc6 15. Bh6 f6
0-1

[Event "December Tournament 5"]
[Site "SchemingMind.com"]
[Date "2018.02.03"]
[Round "-"]
[White "The Stonewall"]
[Black "Phillip Beckett"]
[Result "0-1"]
[WhiteCountry "ENG"]
[BlackCountry "ENG"]
[WhiteElo "2290"]
[WhiteRD "94"]
[BlackElo "1550"]
[BlackRD "52"]
[GameID "424135"]

1. e4 e5 2. Nf3 Nc6 3. d4 exd4 4. Nxd4 Bc5 5. Nxc6 Qf6 6. Qd2 dxc6 7. Nc3 Bd7 8. Bd3 O-O-O 9. O-O Ne7 10. Na4 Bd6
11. Qa5 Kb8 12. Bg5 Qg6 13. f4 f6 14. f5 Qxg5
0-1

[Event "December Tournament 5"]
[Site "SchemingMind.com"]
[Date "2018.02.03"]
[Round "-"]
[White "The Stonewall"]
[Black "Goz"]
[Result "1-0"]
[WhiteCountry "ENG"]
[BlackCountry "ENG"]
[WhiteElo "2303"]
[WhiteRD "96"]
[BlackElo "1510"]
[BlackRD "71"]
[GameID "424137"]

1. e4 e5 2. Nf3 d6 3. d4 exd4 4. Qxd4 Nc6 5. Bb5 Bd7 6. Bxc6 Bxc6 7. Nc3 h6 8. O-O Nf6 9. Rd1 Be7 10. e5 Bxf3
11. exf6 Bxf6 12. Qe3+ Qe7 13. Qxf3 Bxc3 14. Qxc3 O-O 15. Re1 Qd7 16. Qg3 Kh8 17. Bd2 Rae8 18. Bc3 f6 19. Qg6 Rxe1+ 20. Rxe1 Qf7
21. Qxf7 Rxf7 22. Kf1 b6 23. Re3 c5 24. Re8+ Kh7 25. Ke2 g5 26. Re6 Kg6 27. Rxd6 Re7+ 28. Kd3 Kf5 29. Rxf6+ Kg4 30. Rxh6 Rf7
31. h3+ Kf5 32. g4+ Kf4 33. Rf6+ Rxf6 34. Bxf6 Kf3 35. Bxg5 Kxf2 36. Bf6 Kg3 37. g5 Kxh3 38. g6 Kg4 39. g7 Kf5 40. Bc3
1-0

[Event "December Tournament 5"]
[Site "SchemingMind.com"]
[Date "2018.02.03"]
[Round "-"]
[White "Goz"]
[Black "The Stonewall"]
[Result "0-1"]
[WhiteCountry "ENG"]
[BlackCountry "ENG"]
[WhiteElo "1490"]
[WhiteRD "78"]
[BlackElo "2290"]
[BlackRD "94"]
[GameID "424138"]

1. d4 g6 2. e4 Bg7 3. e5 d6 4. exd6 cxd6 5. Bb5+ Nc6 6. Bxc6+ bxc6 7. c3 Ba6 8. Ne2 Nf6 9. O-O O-O 10. Nd2 e5
11. Re1 Qc7 12. dxe5 dxe5 13. b4 Rfd8 14. Qb3 Rab8 15. a3 Bb7 16. Nc4 c5 17. Be3 Bd5 18. Rad1 cxb4 19. cxb4 Bxc4 20. Rxd8+ Rxd8
21. Qc2 Ng4 22. Bc5 Bd3 23. Qc1 Bh6 24. Qa1 Bd2 25. Nc3 e4 26. Nxe4 Qxh2#
0-1

[Event "December Tournament 5"]
[Site "SchemingMind.com"]
[Date "2018.02.03"]
[Round "-"]
[White "The Stonewall"]
[Black "Transcendent"]
[Result "1-0"]
[WhiteCountry "ENG"]
[BlackCountry "ENG"]
[WhiteElo "2303"]
[WhiteRD "96"]
[BlackElo "1567"]
[BlackRD "72"]
[GameID "424139"]

1. e4 e6 2. d4 d5 3. Nd2 Nf6 4. e5 Nfd7 5. Bd3 c5 6. c3 Nc6 7. Ne2 cxd4 8. cxd4 f6 9. exf6 Nxf6 10. Nf3 Bd6
11. O-O O-O 12. Bf4 Bxf4 13. Nxf4 Ne4 14. Qc1 Bd7 15. Qe3 Qb6 16. Bxe4 dxe4 17. Qxe4 Rf6 18. Ng5 Rh6 19. d5 exd5 20. Qxd5+
1-0

[Event "December Tournament 5"]
[Site "SchemingMind.com"]
[Date "2018.02.03"]
[Round "-"]
[White "Transcendent"]
[Black "The Stonewall"]
[Result "0-1"]
[WhiteCountry "ENG"]
[BlackCountry "ENG"]
[WhiteElo "1567"]
[WhiteRD "72"]
[BlackElo "2303"]
[BlackRD "96"]
[GameID "424140"]

1. d4 Nf6 2. c4 b6 3. Nc3 Bb7 4. f3 d5 5. cxd5 Nxd5 6. e4 Nxc3 7. bxc3 e5 8. Bc4 exd4 9. cxd4 Bb4+ 10. Kf1 O-O
11. Bb2 Nc6 12. Ne2 Na5 13. Bb3 c5 14. d5 f5 15. Kg1 fxe4 16. fxe4 Qg5 17. Qd3 c4 18. Bxc4 Nxc4
0-1

[Event "December Tournament 5"]
[Site "SchemingMind.com"]
[Date "2018.02.03"]
[Round "-"]
[White "The Stonewall"]
[Black "ray winteringham"]
[Result "1-0"]
[WhiteCountry "ENG"]
[BlackCountry "ENG"]
[WhiteElo "2290"]
[WhiteRD "94"]
[BlackElo "1501"]
[BlackRD "52"]
[GameID "424141"]

1. e4 e5 2. Nf3 Nc6 3. d4 exd4 4. Nxd4 Nxd4 5. Qxd4 f6 6. Bc4 Ne7 7. Bf4 d6 8. Nc3 Nc6 9. Qd5 Qe7 10. O-O-O Bd7
11. Rhe1 O-O-O 12. Qd2 Nb8 13. Nd5 Qe8 14. Qa5
1-0

[Event "December Tournament 5"]
[Site "SchemingMind.com"]
[Date "2018.02.03"]
[Round "-"]
[White "ray winteringham"]
[Black "The Stonewall"]
[Result "0-1"]
[WhiteCountry "ENG"]
[BlackCountry "ENG"]
[WhiteElo "1501"]
[WhiteRD "52"]
[BlackElo "2290"]
[BlackRD "94"]
[GameID "424142"]

1. e4 Nc6 2. Nf3 d5 3. exd5 Qxd5 4. Nc3 Qa5 5. d3 Bg4 6. Bd2 O-O-O 7. h3 Bxf3 8. Qxf3 Nd4 9. Qd1 Nf6 10. Ne4 Qa4
11. b3 Qc6 12. f3 Nxc2+ 13. Kf2 Nxa1 14. Qxa1 Nxe4+ 15. Ke1 Nxd2 16. Kxd2 e6 17. Be2 Bb4+ 18. Ke3 Qc5+ 19. Kf4 Bc3 20. Qc1 Be5+
21. Kg4 h5+ 22. Kh4 Qe7+ 23. Qg5 f6 24. Qe3 g5+
0-1

[Event "December Tournament 5"]
[Site "SchemingMind.com"]
[Date "2018.02.03"]
[Round "-"]
[White "The Stonewall"]
[Black "Johnny Owens"]
[Result "1/2-1/2"]
[WhiteCountry "ENG"]
[BlackCountry "USA"]
[WhiteElo "2283"]
[WhiteRD "83"]
[BlackElo "2197"]
[BlackRD "64"]
[GameID "424143"]

1. e4 c5 2. Ne2 Nc6 3. Nbc3 Nf6 4. g3 d5 5. exd5 Nxd5 6. Bg2 Nf6 7. O-O Bf5 8. d4 cxd4 9. Bxc6+ bxc6 10. Nxd4 Bg4
11. Qd3 Rc8 12. Qc4 e6 13. Bg5 Be7 14. Rfe1 Qd7 15. Nb3 h5 16. Nc5 Qc7 17. Bxf6 gxf6 18. Kg2 Rd8 19. h3 Bf5 20. Rad1 O-O
21. N5e4 Kg7 22. h4 e5 23. Qe2 Bg6 24. f3 Qb8 25. b3 f5 26. Nf2 f6 27. Na4 Bf7 28. c4 Qc7 29. Rd3 Rxd3 30. Nxd3 Bd6
31. c5 Be7 32. Rd1 Re8 33. Nb4 Qb7 34. Nd3 Rd8 35. Nc3 Qa6 36. Qc2 Qc8 37. Qf2 Rd4 38. Qc2 Rd8 39. Qe2 Rd4 40. Qc2 Bg6
41. f4 Qe6 42. Ne2 Rd8 43. Nc3 Bf7 44. Qc1 Rd7 45. Qe3 e4 46. Nb2 Rxd1 47. Nbxd1 Qd7 48. Kf1 Qb7 49. Na4 Qb4 50. Kg2 Kg6
51. Qc3 Qa3 52. Qc2 Bg8 53. Kf2 Bf7=
1/2-1/2